Online
Catalog

Cuentos de verdad / (Record no. 5090)

MARC details
000 -CABECERA
campo de control de longitud fija 00829cam a2200253 a 4500
001 - NÚMERO DE CONTROL
campo de control 000005289
005 - FECHA Y HORA DE LA ÚLTIMA TRANSACCIÓN
campo de control 20200929151631.0
008 - DATOS DE LONGITUD FIJA--INFORMACIÓN GENERAL
campo de control de longitud fija 000629s2000 sp b 001 j spa
020 ## - NÚMERO INTERNACIONAL ESTÁNDAR DEL LIBRO
Número Internacional Estándar del Libro 8437617820
040 ## - FUENTE DE LA CATALOGACIÓN
Centro catalogador/agencia de origen DO-SdBNP
Centro/agencia transcriptor DLC
Centro/agencia modificador DLC
082 ## - NÚMERO DE LA CLASIFICACIÓN DECIMAL DEWEY
Número de clasificación 863.64
Número de documento/Ítem F812c
100 1# - ENTRADA PRINCIPAL--NOMBRE DE PERSONA
Nombre de persona Fraile, Medardo,
Fechas asociadas al nombre 1925-
9 (RLIN) 15056
245 10 - MENCIÓN DE TÍTULO
Título Cuentos de verdad /
Mención de responsabilidad, etc. Medardo Fraile ; edición, María del Pilar Palomo.
260 ## - PUBLICACIÓN, DISTRIBUCIÓN, ETC.
Lugar de publicación, distribución, etc. Madrid :
Nombre del editor, distribuidor, etc. Cátedra,
Fecha de publicación, distribución, etc. 2000.
300 ## - DESCRIPCIÓN FÍSICA
Extensión 354 p. ;
Dimensiones 18 cm.
490 1# - MENCIÓN DE SERIE
Mención de serie Letras Hispánicas
Designación de volumen o secuencia 478
600 10 - PUNTO DE ACCESO ADICIONAL DE MATERIA--NOMBRE DE PERSONA
Nombre de persona FRAILE, MEDARDO,
Subdivisión general CRÍTICA E INTERPRETACIÓN
9 (RLIN) 15057
650 #4 - PUNTO DE ACCESO ADICIONAL DE MATERIA--TÉRMINO DE MATERIA
Término de materia o nombre geográfico como elemento de entrada Cuentos españoles
9 (RLIN) 3194
650 #4 - PUNTO DE ACCESO ADICIONAL DE MATERIA--TÉRMINO DE MATERIA
Término de materia o nombre geográfico como elemento de entrada Literatura española
Subdivisión cronológica SIGLO XX
9 (RLIN) 3326
700 1# - PUNTO DE ACCESO ADICIONAL--NOMBRE DE PERSONA
Nombre de persona Palomo, María del Pilar,
Término indicativo de función/relación ed.
9 (RLIN) 15058
830 #0 - PUNTO DE ACCESO ADICIONAL DE SERIE-TÍTULO UNIFORME
Título uniforme Letras hispánicas ;
Designación de volumen o secuencia 478
9 (RLIN) 4208
910 ## - DATOS DE OPCIÓN DEL USUARIO (OCLC)
Datos de opción del usuario Catalogación por copia / LC
910 ## - DATOS DE OPCIÓN DEL USUARIO (OCLC)
Datos de opción del usuario WM
Holdings
Estado de retiro Estado de pérdida Restricciones de uso No para préstamo Código de colección Localización permanente Ubicación/localización actual Ubicación en estantería Fecha de adquisición Número de inventario Total de préstamos Signatura topográfica completa Código de barras Fecha visto por última vez Precio válido a partir de Tipo de ítem Koha
    Préstamo interno   Monografías: Libros y Folletos General General Depósito 18.08.2009 LF1   863.64 F812c 5289-10 25.06.2020 25.06.2020 Préstamo interno

Powered by Koha